000 00756nam a2200229Ia 4500
003 GCL
008 140319s9999 xx 000 0 ara d
040 _aGCL /
_cGCL
082 0 4 _a811.009962
_bح م
100 1 _aحسنى عبدالجليل يوسف
245 1 0 _aموسيقى الشعر العربى /
_cحسنى عبدالجليل يوسف
260 _a[S.N] :
_bالهيئة المصرية العامة للكتاب ،
_c1989
300 _aمتعدد
490 _a
650 0 4 _aالشعر العربى
650 0 4 _aالادب العربى
650 0 4 _aالاوزان الشعرية
650 0 4 _aاللغة العربية
650 0 4 _aالتفعيلات الشعرية
650 0 4 _aالعروض والقوافى
942 _2ddc
_cBK
999 _c29135
_d29135